[Event "Let's Play Chess!"]
[Site "http://www.queenalice.com/game.php?id=1858906"]
[Date "2025.6.23"]
[Round "-"]
[White "gomezeta"]
[Black "bobifixer"]
[Result "1-0"]
[WhiteElo "2077"]
[BlackElo "1888"]

1. d4 Nf6 2. c4 e6 3. Nc3 Bb4 4. Qb3 Bxc3+ 5. bxc3 O-O 6. f3 b6 7. Bg5 d6 8. e4
h6 9. Bh4 g5 10. Bf2 Bb7 11. g4 e5 12. h4 Kg7 13. Bg2 Nbd7 14. Nh3 Nh7 15. hxg5
Nxg5 16. Ke2 Nxh3 17. Rxh3 a5 18. Be3 Rh8 19. Rah1 h5 20. Rxh5 Rxh5 21. Rxh5 f6
22. Bh6+ Kg6 23. Be3 Qe7 24. Qd1 Ba6 25. Qh1 Qe8 26. Rh7 1-0

[Event "AUTO-OPEN-4617"]
[Site "http://www.queenalice.com/game.php?id=1863725"]
[Date "2025.10.2"]
[Round "1"]
[White "bmax"]
[Black "gomezeta"]
[Result "0-1"]
[WhiteElo "2291"]
[BlackElo "2126"]

1. d4 Nf6 2. Nc3 d5 3. Bf4 c6 4. e3 Bf5 5. Nf3 Nbd7 6. Bd3 Bg4 7. h3 Bh5 8. g4
Bg6 9. g5 Ne4 10. Bxe4 dxe4 11. Nh4 f5 12. d5 Qb6 13. Qd2 Rd8 14. O-O-O Qa5 15.
Kb1 cxd5 16. Nxd5 Qxd2 17. Rxd2 e5 18. Nc7+ Ke7 19. Bg3 Rc8 20. Nxg6+ hxg6 21.
Nb5 a6 22. Na3 b5 23. c3 Ke6 24. h4 Bxa3 25. bxa3 Nc5 26. Rhd1 Nd3 27. Kc2 Rc4
28. f3 Rhc8 0-1

[Event "AUTO-OPEN-4617"]
[Site "http://www.queenalice.com/game.php?id=1863726"]
[Date "2025.10.2"]
[Round "1"]
[White "gomezeta"]
[Black "bmax"]
[Result "1-0"]
[WhiteElo "2098"]
[BlackElo "2259"]

1. e4 c6 2. d4 d5 3. e5 Bf5 4. Nc3 e6 5. g4 Bg6 6. Nge2 c5 7. h4 h6 8. Nf4 Bh7
9. Be3 Nc6 10. Bb5 cxd4 11. Bxd4 Ne7 12. Ba4 a6 13. h5 b5 14. Bb3 Nxd4 15. Qxd4
Nc6 16. Qe3 d4 17. Qf3 dxc3 18. Qxc6+ Ke7 19. Bxe6 Qd2+ 20. Kf1 fxe6 21. Qxe6+
Kd8 22. Qb6+ Ke7 23. Qb7+ 1-0

[Event "AUTO-OPEN-4617"]
[Site "http://www.queenalice.com/game.php?id=1863748"]
[Date "2025.10.2"]
[Round "1"]
[White "gomezeta"]
[Black "ricardoaurelio"]
[Result "1-0"]
[WhiteElo "2085"]
[BlackElo "2008"]

1. c4 e5 2. Nc3 Nc6 3. g3 Bc5 4. Bg2 Nf6 5. e3 O-O 6. Nf3 d6 7. h3 Be6 8. d4
exd4 9. exd4 Bb4 10. d5 Bxc3+ 11. bxc3 Bxh3 12. Rxh3 Na5 13. Bg5 Qe8+ 14. Kf1
Nxc4 15. Bxf6 gxf6 16. Qd3 Ne5 17. Qxh7# 1-0

[Event "AUTO-OPEN-4617"]
[Site "http://www.queenalice.com/game.php?id=1863761"]
[Date "2025.10.2"]
[Round "1"]
[White "gomezeta"]
[Black "game"]
[Result "1-0"]
[WhiteElo "2125"]
[BlackElo "1723"]

1. d4 d5 2. c4 dxc4 3. Nc3 Nc6 4. Nf3 e5 5. d5 Nb4 6. a3 Na6 7. Nxe5 Nh6 8. e4
Bc5 9. Bxh6 gxh6 10. Qh5 Qf6 11. Nf3 Bd7 12. e5 Qg7 13. e6 Bc8 14. Bxc4 O-O 15.
Ne4 Qxb2 16. O-O Qg7 17. Bxa6 bxa6 18. Nxc5 Kh8 19. Ne5 f6 20. Nf7+ Kg8 21.
Nxh6+ Kh8 22. Nf7+ Kg8 23. Rae1 Rb8 24. Re3 Rxf7 25. Rg3 1-0

[Event "AUTO-OPEN-4617"]
[Site "http://www.queenalice.com/game.php?id=1863762"]
[Date "2025.10.2"]
[Round "1"]
[White "game"]
[Black "gomezeta"]
[Result "1-0"]
[WhiteElo "1643"]
[BlackElo "2130"]

1. e4 c6 2. Nf3 a5 3. d4 a4 4. Ng5 d6 5. Bc4 e6 6. Qf3 Qf6 7. Qxf6 gxf6 8. Nf3
b5 9. Bd3 Bd7 10. Be2 c5 11. Nc3 c4 12. Nh4 b4 13. Nd1 Nc6 14. Bxc4 Nxd4 15. Kd2
Bc6 16. Re1 h5 17. a3 Bh6+ 18. Kd3 Bxc1 19. Rxc1 Nb5 20. axb4 Nc7 21. Nc3 Rb8
22. b5 Nxb5 23. Nxa4 Nc7 24. Nc3 Rxb2 25. Rb1 Rb7 26. Ra1 Ne7 27. Ba6 Rb6 28.
Bc4 Kd7 29. Na4 Rb4 30. Bb3 Rhb8 31. f3 Bb5+ 32. Kc3 1-0

[Event "AUTO-MASTER-3284"]
[Site "http://www.queenalice.com/game.php?id=1864059"]
[Date "2025.10.10"]
[Round "1"]
[White "chessman"]
[Black "gomezeta"]
[Result "0-1"]
[WhiteElo "2047"]
[BlackElo "2115"]

1. e4 e5 2. Nf3 Nc6 3. Bc4 Nf6 4. O-O Be7 5. d4 d6 6. Re1 O-O 7. h3 exd4 8. Nxd4
Ne5 9. Bb3 Rb8 10. Nc3 a6 11. Bf4 Ng6 12. Bh2 Re8 13. Qe2 Bf8 14. f3 c5 15. Qc4
cxd4 16. Qxd4 Be6 17. Nd5 Ne5 18. Nxf6+ Qxf6 19. Bxe5 dxe5 20. Qd2 Bc5+ 0-1

[Event "AUTO-MASTER-3284"]
[Site "http://www.queenalice.com/game.php?id=1864060"]
[Date "2025.10.10"]
[Round "1"]
[White "gomezeta"]
[Black "chessman"]
[Result "1-0"]
[WhiteElo "2107"]
[BlackElo "1950"]

1. Nf3 d5 2. d4 c6 3. c4 Nf6 4. e3 e6 5. a3 Be7 6. Nc3 O-O 7. Bd3 Re8 8. O-O a6
9. c5 Nbd7 10. Qc2 h6 11. b4 Nf8 12. Bd2 Bd7 13. Rad1 Rc8 14. Ne5 Qc7 15. f3 a5
16. Rde1 axb4 17. axb4 b6 18. Na4 b5 19. Nb6 Rb8 20. e4 Bc8 21. Qc1 N8d7 22.
Nxc8 Rexc8 23. Nxd7 Qxd7 24. e5 Ne8 25. Re2 Ra8 26. Rfe1 Ra7 27. Bxh6 gxh6 28.
Qxh6 f5 29. exf6 Nxf6 30. Re5 1-0

[Event "AUTO-MASTER-3284"]
[Site "http://www.queenalice.com/game.php?id=1864083"]
[Date "2025.10.10"]
[Round "1"]
[White "gomezeta"]
[Black "Pin"]
[Result "0-1"]
[WhiteElo "2143"]
[BlackElo "2098"]

1. d4 Nf6 2. c4 g6 3. Nc3 d5 4. Bf4 Bg7 5. e3 O-O 6. Nf3 c5 7. Be2 Nc6 8. O-O
cxd4 9. exd4 Nh5 10. Be3 Nf6 11. Rc1 dxc4 12. Bxc4 Na5 13. Be2 b6 14. Ne5 Bb7
15. b4 Nc6 16. Bf3 Nxe5 17. dxe5 Qxd1 18. Rfxd1 Bxf3 19. exf6 Bxd1 20. fxg7 Kxg7
21. Rxd1 Rfd8 22. Ra1 Rac8 23. Ne2 Rc2 24. Kf1 Rb2 25. Bd4+ Rxd4 26. Nxd4 Rxb4
27. Nc6 Re4 0-1